Effect of irrigation on growth and establishment of young rubber plants in a humid tropical region of India (Record no. 46648)

MARC details
000 -LEADER
fixed length control field 01558nam a2200289Ia 4500
100 ## - MAIN ENTRY--AUTHOR NAME
Personal name Lakshmanan R
245 #0 - TITLE STATEMENT
Title Effect of irrigation on growth and establishment of young rubber plants in a humid tropical region of India
260 ## - PUBLICATION, DISTRIBUTION, ETC. (IMPRINT)
Name of publisher Natural Rubber Research
Year of publication 2007
300 ## - PHYSICAL DESCRIPTION
Number of Pages 23-31
500 ## - GENERAL NOTE
General note Source Year: 2007
520 ## - SUMMARY, ETC.
Summary, etc In an experiemnt to study the growth response of young rubber during the initial three years to varying levels of irrigation, plant girth and girth increment were on par with irrigation at 1.2, 0.9 and 0.6 IW/CPE ratio and significantly superior to that of the control and irrigation at IW/CPE ratio of 1.2, 0.9, 0.6 and 0.3 during the period from December to May exhibited a girth increment that was 84, 67, 49 and 46 per cent higher than that of the corresponding girth increment observed during the monsoon season. In the unirrigated treatment this was only 38 per cent. A significant increase in RGR was observed for the treatments irrigated at IW/CPE ratio of 1.2 and 0.9 over that of the other treatments. Consumptive use and the ratio of consumptive use to pan evaporation were also worked out.
650 ## - SUBJECT ADDED ENTRY--TOPICAL TERM
Topical Term Girth
650 ## - SUBJECT ADDED ENTRY--TOPICAL TERM
Topical Term Girth
650 ## - SUBJECT ADDED ENTRY--TOPICAL TERM
Topical Term Immature rubber
650 ## - SUBJECT ADDED ENTRY--TOPICAL TERM
Topical Term Immature rubber
650 ## - SUBJECT ADDED ENTRY--TOPICAL TERM
Topical Term Irrigation
650 ## - SUBJECT ADDED ENTRY--TOPICAL TERM
Topical Term Irrigation
650 ## - SUBJECT ADDED ENTRY--TOPICAL TERM
Topical Term IW/CPE ratio
650 ## - SUBJECT ADDED ENTRY--TOPICAL TERM
Topical Term IW/CPE ratio
650 ## - SUBJECT ADDED ENTRY--TOPICAL TERM
Topical Term Relative growth rate
650 ## - SUBJECT ADDED ENTRY--TOPICAL TERM
Topical Term Relative growth rate
700 ## - ADDED ENTRY--PERSONAL NAME
Personal name Chandrasekhar T R
700 ## - ADDED ENTRY--PERSONAL NAME
Personal name Edathil T T
700 ## - ADDED ENTRY--PERSONAL NAME
Personal name Reghu C P
942 ## - ADDED ENTRY ELEMENTS (KOHA)
Koha item type Journals
Holdings
Withdrawn status Lost status Damaged status Not for loan Home library Current library Shelving location Date acquired Serial Enumeration / chronology Koha item type
      Articles RRII Library RRII Library Agronomy 29/08/2008 Volume 20, Issue 02-Jan Articles
        RRII Library RRII Library   29/01/2026   Journals